00493 a2200181 450000100060000002000150000604000240002110000330004524000290007824500240010730000070013136200090013844000090014765000310015694200070018795201000019499900170029468936 a8532902898 cAnchieta - Itaigara aOilveira, Alaíde Lisboa de10aComo se fosse gentelpor10aComo se fosse gente a230 a1998 1aLê 4aLiteratura infanto-juvenil cBK 00104070a88.1b88.1d2023-11-21l0o028.5 COMp773/ITAr2023-11-21 20:03:17w2023-11-21yBK c68936d68936